| 000 | 06476nam a22006017a 4500 | ||
|---|---|---|---|
| 005 | 20110808103813.0 | ||
| 010 | _aENG-103248 B-457861-890 | ||
| 020 |
_a9788175542877 _c150.00 |
||
| 035 | _aEN-86781 B-457861-890 | ||
| 037 | _bDBAD/PUB | ||
| 037 | _bK.K.Pub/Ven | ||
| 082 | _a650.14 | ||
| 100 |
_aShavick, Andrea _948584 |
||
| 245 |
_aA-Z guide to job searching : _cby Andrea Shavick _btake on the job-search minefield step by step / |
||
| 260 |
_aNew Delhi _bKogan Page _c2004 |
||
| 270 |
_a4737/23, Ansari Road, Daryaganj _bNew Delhi _e110002 |
||
| 300 |
_aix,195p. _c22cm (pbk) |
||
| 500 | _aIncludes index | ||
| 700 | _931640 | ||
| 942 |
_2ddc _cEN _h650.14 _mSHA |
||
| 999 |
_c55011 _d55011 |
||